000
00260nam a2200097Ia 4500
001
641648
005
20250826153511.0
008
250824s9999 xx 000 0 und d
245
0
_a
OLIVER TWİST GENÇLİK KLASİKLERİ
_c
CHARLES DİCKENS
260
_b
TİMAŞ ÇOCUK
999
_c
641648
_d
641648